000 00412nam a2200145Ia 4500
008 211109s9999||||xx |||||||||||||| ||und||
082 _a894.8121
_bAYY-A
100 _aAiyyappa Panicker, K
245 0 _aAiyyappa Panickarude Krithikal
260 _bDC Books
_aKottayam
_c1989
300 _a214p
630 _xGENERAL STACK
650 _aMALAYALAM
_vMALAYALAM LITERATURE
_xMALAYALAM POETRYMalayalam
942 _cBOOK
999 _c41184
_d41184